Tvorba scenárov extrémneho odtoku na vybranom území

Salvato in:
Dettagli Bibliografici
Autore principale: Fico, Marek, 1985- (Autore)
Altri autori: Hlavčová, Kamila, 1959- (Relatore della tesi)
Natura: Manoscritto Libro
Lingua:slovacco
Pubblicazione: Bratislava : STU v Bratislave SvF, 2011
Soggetti:
Accesso online:VAIS
Tags: Aggiungi Tag
Nessun Tag, puoi essere il primo ad aggiungerne!!

MARC

LEADER 00000ntm a22000003a 4500
001 stu229552
005 20150617230148.8
008 110708s2011----xo------------------slo-d
040 |a STU  |b slo 
041 0 |a slo 
044 |a xo 
100 1 |a Fico, Marek,  |d 1985-  |4 aut  |u V  |T SvF Stavebná fakulta  |X 27364  |U V  |Y 10  |7 A000027364 
242 0 0 |a Creating of the extréme runoff in selected areas  |y eng 
245 1 |a Tvorba scenárov extrémneho odtoku na vybranom území 
260 |a Bratislava :  |b STU v Bratislave SvF,  |c 2011 
650 7 |a vodné stavby a vodné hospodárstvo  |2 stusub 
650 7 |a Hydraulic and Water Resources Engineering  |2 estusub 
650 7 |a calibration  |2 estusub 
650 7 |a kalibrácia  |2 stusub 
700 1 |a Hlavčová, Kamila,  |d 1959-  |4 ths  |u V160  |U SvF Stavebná fakulta  |T SvF Katedra vodného hospodárstva krajiny  |X 905  |U V160  |Y 16  |7 A000000905 
856 4 |a info a plný text  |u http://is.stuba.sk/zp/portal_zp.pl?podrobnosti=62223  |3 VAIS